000 00388 a2200157 4500
999 _c313655
_d313655
001 78582
003 NUST
005 20180119124823.0
008 180119b xxu||||| |||| 00| 0 eng d
082 _a923.15491 ISP
100 _aM A H Ispahani
_99098
245 _aQuaid-e-Azam Jinnah As I Knew Him
_cM A H Ispahani
_hEnglish
250 _a1
260 _aKarachi
_bElite
_c1976
300 _a293
500 _aGeneral Books
505 _aGifted Books
942 _aCaenust
_cBK
_k923.15491 ISP
_2ddc